Estadísticas para Los 10 Países Asiáticos con el IDH más Alto

Haz click aquí para tomar la prueba!

Estadísticas generales

  • Esta prueba ha sido tomada 680 veces
  • La puntuación promedio es 8 de 10

Estadísticas de respuestas

IDH País % Correcto
0.903Japón
98%
0.901Corea del Sur
96%
0.925Singapur
89%
0.840Emiratos Árabes Unidos
83%
0.856Catar
83%
0.847Arabia Saudita
76%
0.899Israel
75%
0.824Baréin
68%
0.865Brunéi
63%
0.856Chipre
33%

Distribución de puntuación

Porcentaje por número respondido

Porcentaje de gente con cada puntuación

Historial de tus puntuaciones

No has tomado esta prueba